Stati con densità di popolazione più alta per continente - Statistics

Statistiche generali
  • Questo quiz è stato fatto 16 volte
  • Il punteggio medio è 3 su 6
Statistiche sulle risposte
Continente Densità (popolazione per km²) Stato % Corretto
Europa 17 285 Monaco
100%
Asia 8 251 Singapore
75%
America del Sud 70 Ecuador
58%
Oceania 609 Nauru
50%
Africa 657 Mauritius
33%
America del Nord 654 Barbados
25%
Nessun quiz corrispondente trovato
Distribuzione punteggi
Percentuale di utenti per punteggio
Percentile per numero di risposta
I tuoi punteggi nel tempo
Non hai fatto questo quiz